LEADER 01500nam0 2200397 450 001 000020348 005 20071001130919.0 010 $a0-8240-8417-9 100 $a20070904d1987----km-y0itaa50------ba 101 0 $aeng$agrc 102 $aUS 200 1 $a<> School of Cyrus$eWilliam Barker?s 1567 translation Xenophon?s Cyropaedeia (The education of Cyrus)$fedited by James Tatum 210 $aNew York ; London$cGarland$d1987 215 $aIV, 210 p.$d21 cm 225 2 $a<> Renaissance imagination$v37 300 $aTraduzione dal greco in inglese di Cyropaedia 410 1$12001$a<> Renaissance imagination$v37 500 10$aCyropaedia$920290 600 0$aCiro$c 606 1 $aPersia$xStoria$zSec. 6. a. C. 676 $a883.01$v(21. ed.)$9Poesia epica e narrativa greca classica. Origini-499 ca. 700 0$aXenophon$075253 702 1$aBarker,$bWilliam 702 1$aTatum,$bJames 801 0$aIT$bUniversità della Basilicata - B.I.A.$gRICA$2unimarc 912 $a000020348 996 $aCyropaedia$920290 997 $aUNIBAS BAS $aLETTERE CAT $aSTD042$b00$c20070904$lBAS01$h1522 CAT $aTTM$b30$c20070904$lBAS01$h1621 CAT $aTTM$b30$c20070904$lBAS01$h1625 CAT $aTTM$b30$c20070904$lBAS01$h1626 CAT $aTTM$b30$c20071001$lBAS01$h1309 FMT Z30 -1$lBAS01$LBAS01$mBOOK$1BASA1$APolo Storico-Umanistico$2DID$BDidattica$3DF/4473$64473$5F4473$820070904$f04$FPrestabile Didattica